| 000 | 01116nam a2200313 a 4500 | ||
|---|---|---|---|
| 001 | 000007013 | ||
| 003 | DO-SdBNP | ||
| 005 | 20171017091921.0 | ||
| 007 | 000007013 | ||
| 008 | 090904s1999 dr a 000 0 spa d | ||
| 040 |
_aBPMSU _bspa _cBPMSU |
||
| 049 | _a | ||
| 082 |
_a371.102 _bL937m |
||
| 100 | 1 | _aLuciano López, Margarita | |
| 245 | 1 | 0 |
_aMatemática educativa para inicial y básica : _baprendizaje del número natural / _cMargarita Luciano López ; prólogo Santa Daysi Sánchez González. |
| 260 |
_aSanto Domingo, : _bPublicaciones Colegio Educando _bCentro Caribeño de Investigación y Capacitación (CICAP), _c1999. |
||
| 300 |
_a118 p. : _bil. ; _c21 cm. |
||
| 490 | 1 |
_aSerie Orientaciones Matemáticas _v3 |
|
| 504 | _a(p .111-113) | ||
| 650 | 4 | _aNÚMEROS NATURALES | |
| 650 | 4 |
_aNÚMEROS NATURALES _xENSEÑANZA |
|
| 650 | 4 | _aMETODO DE MONTESSORI | |
| 650 | 4 | _aPEDAGOGÍA | |
| 700 | 1 |
_aSánchez González, Santa Daysi, _epról. |
|
| 830 | 0 |
_aOrientaciones Matemáticas _n3 |
|
| 942 |
_2ddc _cBK |
||
| 945 | _aInventariado texto / 2017 VM | ||
| 956 |
_aVMATEO _b10 _c20150903 _lBPMSU _h00151 |
||
| 999 |
_c7482 _d7482 |
||